000 00279nam a2200145Ia 4500
100 _aLiberty/Jesse
650 _aGeneral
942 _cBK
654 _aclouds
245 _aClouds to Code
260 _bWrox
082 _a005.113/LIB
_bLIB
546 _aENGLISH
999 _c20627
_d20627